Aaj bhi khare hein: (Record no. 59032)

000 -LEADER
fixed length control field 00370nam a22001577a 4500
020 ## - INTERNATIONAL STANDARD BOOK NUMBER
ISBN 8190377507
082 ## - DEWEY DECIMAL CLASSIFICATION NUMBER
Classification number H4
Item number ANU/A
100 ## - MAIN ENTRY--AUTHOR NAME
Personal name Anupam Misra
245 ## - TITLE STATEMENT
Title Aaj bhi khare hein:
Sub Title Talab/
Statement of responsibility, etc Anupam Misra
260 ## - PUBLICATION, DISTRIBUTION, ETC. (IMPRINT)
Place of publication Delhi:
Name of publisher Aksharashilpi,
Year of publication 2010.
300 ## - PHYSICAL DESCRIPTION
Number of Pages 87p.
650 ## - SUBJECT ADDED ENTRY--TOPICAL TERM
Topical Term Essays Hindi
650 ## - SUBJECT ADDED ENTRY--TOPICAL TERM
Topical Term Literature Hindi
650 ## - SUBJECT ADDED ENTRY--TOPICAL TERM
Topical Term Literature
942 ## - ADDED ENTRY ELEMENTS (KOHA)
Koha item type Book
Holdings
Withdrawn status Lost status Damaged status Not for loan Permanent Location Current Location Shelving location Date acquired Cost, normal purchase price Full call number Accession Number Price effective from Koha item type
        Sree Sankaracharya University of Sanskrit Sree Sankaracharya University of Sanskrit Stacks 26.02.2016 100.00 H4 ANU/A 080640 26.02.2016 Book